[Event "CXU Nytår 2015 Øbro"]
[Site "?"]
[Date "2015.12.31"]
[Round "7.9"]
[White "Kasper Rhee, 2214, Alexander"]
[Black "Kristian Ø. Kragh, 2105, Niels"]
[Result "0-1"]
[BlackElo "2105"]
[WhiteElo "2214"]
[LiveChessVersion "1.4.6"]

1. e4 {[%clk 1:59:29]} e6 {[%clk 1:59:54]} 2. d4 {[%clk 1:58:52]} d5
{[%clk 1:59:48]} 3. exd5 {[%clk 1:44:47]} Qxd5 {[%clk 1:59:42]} 4. Nf3
{[%clk 1:44:13]} Nf6 {[%clk 1:56:26]} 5. Nbd2 {[%clk 1:41:00]} b6
{[%clk 1:51:58]} 6. Bc4 {[%clk 1:37:01]} Qd8 {[%clk 1:51:21]} 7. Bb5+
{[%clk 1:34:18]} c6 {[%clk 1:50:08]} 8. Bd3 {[%clk 1:34:13]} Bb7 {[%clk 1:48:31]}
9. Qe2 {[%clk 1:32:25]} Be7 {[%clk 1:45:28]} 10. O-O {[%clk 1:27:43]} Nbd7
{[%clk 1:43:11]} 11. c3 {[%clk 1:24:34]} c5 {[%clk 1:37:16]} 12. dxc5
{[%clk 1:15:15]} Bxc5 {[%clk 1:35:38]} 13. Nc4 {[%clk 1:04:22]} Qc7
{[%clk 1:30:28]} 14. Bg5 {[%clk 1:01:07]} Ng4 {[%clk 1:17:21]} 15. Be4
{[%clk 0:58:08]} Ndf6 {[%clk 1:13:08]} 16. Bf4 {[%clk 0:49:10]} Qxf4
{[%clk 1:06:38]} 17. Bxb7 {[%clk 0:48:12]} Rd8 {[%clk 1:04:37]} 18. Bc6+
{[%clk 0:46:08]} Kf8 {[%clk 1:02:52]} 19. h3 {[%clk 0:39:45]} b5 {[%clk 0:51:57]}
20. Rad1 {[%clk 0:30:36]} Rxd1 {[%clk 0:44:34]} 21. Qxd1 {[%clk 0:30:31]} g6
{[%clk 0:44:08]} 22. Ncd2 {[%clk 0:26:03]} h5 {[%clk 0:41:36]} 23. Nb3
{[%clk 0:23:04]} Bb6 {[%clk 0:39:02]} 24. Qd2 {[%clk 0:22:34]} Qc7
{[%clk 0:33:41]} 25. Bxb5 {[%clk 0:18:09]} Ne4 {[%clk 0:30:40]} 26. Qd7
{[%clk 0:17:01]} Qg3 {[%clk 0:27:53]} 27. Nbd4 {[%clk 0:10:02]} Ngxf2
{[%clk 0:26:32]} 28. Nxe6+ {[%clk 0:08:53]} fxe6 {[%clk 0:25:18]} 29. Nd4
{[%clk 0:08:50]} Kg8 {[%clk 0:18:00]} 30. Qxe6+ {[%clk 0:08:20]} Kg7
{[%clk 0:16:48]} 31. Bc6 {[%clk 0:07:44]} Qe3 {[%clk 0:07:16]} 32. Qe5+
{[%clk 0:05:50]} Kh7 {[%clk 0:06:36]} 33. Kh2 0-1

[Event "CXU Nytår 2015 Øbro"]
[Site "?"]
[Date "2015.12.31"]
[Round "7.10"]
[White "Frank-Nielsen, 1955, WFM Marie"]
[Black "Winther Fredericia, 2079, WFM Louise"]
[Result "0-1"]
[BlackElo "2079"]
[WhiteElo "1955"]
[LiveChessVersion "1.4.6"]

1. e4 {[%clk 1:59:56]} c5 {[%clk 1:59:17]} 2. c3 {[%clk 1:58:57]} g6
{[%clk 1:58:06]} 3. d4 {[%clk 1:58:07]} cxd4 {[%clk 1:55:36]} 4. cxd4
{[%clk 1:57:38]} d5 {[%clk 1:55:29]} 5. e5 {[%clk 1:56:00]} Bg7 {[%clk 1:55:10]}
6. Nc3 {[%clk 1:54:33]} Nc6 {[%clk 1:51:28]} 7. a3 {[%clk 1:47:56]} Nh6
{[%clk 1:44:38]} 8. Nge2 {[%clk 1:42:31]} O-O {[%clk 1:37:08]} 9. g3
{[%clk 1:35:27]} Bg4 {[%clk 1:27:11]} 10. Bg2 {[%clk 1:34:28]} Bxe2
{[%clk 1:24:17]} 11. Nxe2 {[%clk 1:29:31]} Nf5 {[%clk 1:22:53]} 12. b4
{[%clk 1:24:46]} Qb6 {[%clk 1:11:20]} 13. Be3 {[%clk 1:16:56]} a5
{[%clk 1:00:53]} 14. bxa5 {[%clk 1:13:02]} Rxa5 {[%clk 0:56:44]} 15. O-O
{[%clk 1:09:33]} e6 {[%clk 0:50:20]} 16. Qd3 {[%clk 1:06:51]} Rfa8
{[%clk 0:44:40]} 17. Rfb1 {[%clk 0:57:43]} Qa7 {[%clk 0:42:18]} 18. Bh3
{[%clk 0:50:57]} Nxe3 {[%clk 0:39:23]} 19. Qxe3 {[%clk 0:46:56]} Ra4
{[%clk 0:38:53]} 20. Rd1 {[%clk 0:37:00]} Bf8 {[%clk 0:31:34]} 21. Bf1
{[%clk 0:30:29]} Rxa3 {[%clk 0:15:32]} 22. Rxa3 {[%clk 0:30:09]} Qxa3
{[%clk 0:15:13]} 23. Rd3 {[%clk 0:26:46]} Qa1 {[%clk 0:14:12]} 24. Nc3
{[%clk 0:19:57]} Bb4 {[%clk 0:09:10]} 25. Nb5 {[%clk 0:14:36]} Na5
{[%clk 0:08:57]} 26. Nd6 {[%clk 0:11:45]} Nc4 {[%clk 0:05:30]} 27. Qf4
{[%clk 0:08:18]} Bxd6 {[%clk 0:05:21]} 28. exd6 {[%clk 0:07:57]} Rd8
{[%clk 0:04:38]} 29. g4 {[%clk 0:05:50]} Nxd6 {[%clk 0:03:15]} 30. Rh3
{[%clk 0:04:01]} Ne4 {[%clk 0:03:11]} 31. Qe3 {[%clk 0:03:01]} Rc8
{[%clk 0:02:57]} 32. Qa3 {[%clk 0:01:10]} Rc1 {[%clk 0:02:11]} 33. Qxa1
{[%clk 0:01:09]} Rxa1 {[%clk 0:02:06]} 34. Kg2 {[%clk 0:00:54]} Ra2
{[%clk 0:01:59]} 35. Rf3 {[%clk 0:00:49]} Nd2 {[%clk 0:01:22]} 36. Rc3
{[%clk 0:00:44]} Nxf1 {[%clk 0:01:15]} 37. Kxf1 {[%clk 0:00:43]} Ra8
{[%clk 0:01:01]} 38. f4 {[%clk 0:00:32]} b5 {[%clk 0:00:59]} 39. Rb3
{[%clk 0:00:22]} Rb8 {[%clk 0:00:58]} 40. f5 {[%clk 0:00:19]} gxf5
{[%clk 0:00:52]} 41. gxf5 {[%clk 0:00:18]} Kg7 {[%clk 0:00:27]} 42. fxe6
{[%clk 0:28:18]} fxe6 {[%clk 0:29:45]} 43. Ke2 {[%clk 0:27:55]} b4
{[%clk 0:27:08]} 44. Ke3 {[%clk 0:26:22]} Kf6 {[%clk 0:26:42]} 45. Kf4
{[%clk 0:25:51]} h5 {[%clk 0:26:28]} 46. h4 {[%clk 0:24:18]} Rb7 {[%clk 0:26:02]}
47. Rb1 {[%clk 0:22:40]} b3 {[%clk 0:25:35]} 48. Rxb3 {[%clk 0:22:27]} Rg7
{[%clk 0:24:06]} 49. Rf3 {[%clk 0:18:14]} Rg4+ {[%clk 0:22:40]} 50. Ke3+
{[%clk 0:17:57]} Kg6 {[%clk 0:22:29]} 51. Rh3 {[%clk 0:15:52]} Re4+
{[%clk 0:22:15]} 52. Kd3 {[%clk 0:14:45]} Kf5 {[%clk 0:21:50]} 53. Rf3+
{[%clk 0:13:00]} Kg4 {[%clk 0:20:21]} 54. Re3 {[%clk 0:10:39]} Rxe3+
{[%clk 0:19:55]} 55. Kxe3 {[%clk 0:10:36]} Kg3 {[%clk 0:19:47]} 0-1